Böhse Onkelz Alben - Statistiken

Allgemein
  • Dieses Quiz wurde 119 mal gespielt
  • Das Durchschnittsergebnis liegt bei 4 aus 6
Answers on the Grid
Answers color-coded by a green-red scale on the quiz's grid according to % correct below.
Dopamin
Opium fürs Volk
St. Anger
E.I.N.S.
Sterneneisen
Viva los tioz
13
Sehnsucht
Unsterblich
Die Bestie in Menschengestalt
Herzeleid
Weiss
Alle gegen Alle
Heilige Lieder
Santa Muerte
Dunkel
Debil
Memento
Keiner hilft euch
Verlierer sehen anders aus
 
Antwortstatistiken
Antwort % Korrekt
E.I.N.S.
84%
Heilige Lieder
84%
Viva los tioz
82%
Memento
63%
Weiss
54%
Dopamin
49%
Keine übereinstimmenden Quizze gefunden
Verteilung der Resultate
Anzahl Personen mit jedem Resultat
Perzentil nach korrekt beantworteten Fragen
Ihre Resultats-Entwicklung
Sie haben dieses Quiz noch nicht gespielt